000 00392nam a22001697a 4500
005 20260408161807.0
008 160627b xxu||||| |||| 00| 0 eng d
020 _a0-14-023675-9
041 _aeng
082 _a891.433
100 _aSarad Chandra Chattopadhyay,
_98967
245 _aSrikanta
260 _bPenguin India
300 _a485
650 _aBengali fiction
_98968
942 _cBK
999 _c4322
_d4321